Ice Age 1-5 Protagonists - Statistics

General Stats
  • This quiz has been taken 48 times
  • The average score is 10 of 18
Answer Stats
Hint Answer Movie Debut Year % Correct
A sabertooth tiger who was once apart of Soto's pack but soon joined the two above. Diego
97%
A female mammoth who debuted in the second movie and became #1's mate. Ellie Ice Age: The Meltdown 2006
97%
A stubborn mammoth who lost his family to human hunters. Manny Ice Age 2002
97%
A green ground sloth who is on the dumber side and joins the one above. Sid
97%
A slightly crazy weasel who has an eyepatch during his first encounter with Rudy and helps the gang save #2. Buck
89%
A possum and the brother of the above and below. Crash
87%
A possum who is the brother of the two above. Eddie
84%
The daughter of #1 and #4 who debuts in the third movie. Peaches
84%
An elderly sloth who has a pet whale. Granny
55%
The pet of #12 and is a massive whale. Precious
42%
#3's future mate who was a former pirate and crew mate of Captain Gutt. Shira
39%
#9's friend who looks after her, he can also dig under ground. Louis Ice Age: Continental Drift 2012
37%
The future mate of #2 and is a resident of Geotopia. Brooke
24%
The fiance of #9 who gets on #1's nerves very quickly. Julian Ice Age: Collision Course 2016
24%
A mother t.rex who kidnaps #2 in the third movie and saves him from Rudy. Momma Ice Age: Dawn of the Dinosaurs 2009
24%
The son of #16 who hesitates to go with their family's plans and also realizes before #15 and #16. Roger
13%
A father dino-bird who is the father of the two below and after realization, becomes a protagonist. Gavin
11%
The daughter of #16 who had a similar realization to #16. Gertie
11%
No matching quizzes found
Score Distribution
Percent of People with Each Score
Percentile by Number Answered
Your Score History
You have not taken this quiz